| 000 | 004500000a22001810004500 | ||
|---|---|---|---|
| 003 | MACL | ||
| 005 | 20151006132731.0 | ||
| 008 | 151006b xxu||||| |||| 00| 0 eng d | ||
| 040 |
_aMACL _cMACL |
||
| 041 | _aEnglish | ||
| 082 | _a910/RAI | ||
| 100 |
_aRaina,A N _913841 |
||
| 245 | _aGeography of Jammu & Kashmir | ||
| 260 |
_bNational Book Shop _c1972 _aNew Delhi |
||
| 350 | _a8.75 | ||
| 650 |
_aGeography & Travels _913846 |
||
| 942 |
_cBK _k910 _2ddc |
||
| 999 |
_c7804 _d7804 |
||